000 00774nam a2200217 a 4500
999 _c10096
_d10096
001 10096
003 BD-JhCC
005 20180417175737.0
008 180417b1370 ii a|||| ||a| 000 0 ben d
035 _a(BD-JhCC)10096
040 _aBD-JhCC
_dBD-JhCC
041 _aben
082 _a294.50321
_bPOW 1370
245 _aপৌরাণিক অভিধান /
_cসুধীরচন্দ্র সরকার (সংকলক)
260 _aকলিকাতা :
_bএম. মি সরকার অ্যান্ড সন্স প্রাইভেট লি:
_c1370
300 _a612 p. :
_c20 cm.
650 _aHindusim
_xDictionaries
700 _aসরকার, সুধীরচন্দ্র (সংকলক)
942 _2ddc
_cBK